<?xml version="1.0" encoding="UTF-8"?>
<record
    xmlns:xsi="http://www.w3.org/2001/XMLSchema-instance"
    xsi:schemaLocation="http://www.loc.gov/MARC21/slim http://www.loc.gov/standards/marcxml/schema/MARC21slim.xsd"
    xmlns="http://www.loc.gov/MARC21/slim">

  <leader>00959nam a2200217 i 4500</leader>
  <controlfield tag="001">24934</controlfield>
  <controlfield tag="003">ES-MaACL</controlfield>
  <controlfield tag="005">20250728141539.0</controlfield>
  <controlfield tag="007">t|</controlfield>
  <controlfield tag="008">021219m19451956sp           ||||1| spa d</controlfield>
  <datafield tag="100" ind1="1" ind2=" ">
    <subfield code="a">Angulo I&#xF1;iguez, Diego.</subfield>
    <subfield code="9">21788</subfield>
  </datafield>
  <datafield tag="245" ind1="1" ind2="0">
    <subfield code="a">Historia del arte hispano-americano / </subfield>
    <subfield code="c">Diego Angulo I&#xF1;iguez.</subfield>
  </datafield>
  <datafield tag="250" ind1=" " ind2=" ">
    <subfield code="a">[1&#xAA; ed.].</subfield>
  </datafield>
  <datafield tag="260" ind1=" " ind2=" ">
    <subfield code="a">Barcelona, etc. : </subfield>
    <subfield code="b">Salvat, </subfield>
    <subfield code="c">1945-1956 (</subfield>
    <subfield code="f">Imprenta Hispano-Americana)</subfield>
  </datafield>
  <datafield tag="300" ind1=" " ind2=" ">
    <subfield code="a">3 v. ; </subfield>
    <subfield code="c">26 cm.</subfield>
  </datafield>
  <datafield tag="505" ind1="8" ind2=" ">
    <subfield code="a">Contiene: T. I. Los cap&#xED;tulos once a diecisiete / por Enrique Marco Dorta -- T. II. Los cap&#xED;tulos III, VI y XII / por Enrique Marco Dorta. el cap&#xED;tulo VII / por Mario J. Buschiazzo -- T. III. Los cap&#xED;tulos IV al XII / por Enrique Marco Dorta. Los cap&#xED;tulos XIII al XVIII / por Mario J. Buschiazzo</subfield>
  </datafield>
  <datafield tag="700" ind1="1" ind2=" ">
    <subfield code="a">Marco Dorta, Enrique, </subfield>
    <subfield code="d">1911-1980</subfield>
    <subfield code="9">76479</subfield>
  </datafield>
  <datafield tag="700" ind1="1" ind2=" ">
    <subfield code="a">Buschiazzo, Mario J.</subfield>
    <subfield code="9">32811</subfield>
  </datafield>
  <datafield tag="852" ind1=" " ind2=" ">
    <subfield code="a">ES-MaACL</subfield>
    <subfield code="j">C-56325-7 </subfield>
    <subfield code="b">R.21739</subfield>
  </datafield>
  <datafield tag="999" ind1=" " ind2=" ">
    <subfield code="c">24934</subfield>
    <subfield code="d">24934</subfield>
  </datafield>
  <datafield tag="952" ind1=" " ind2=" ">
    <subfield code="0">0</subfield>
    <subfield code="1">0</subfield>
    <subfield code="4">0</subfield>
    <subfield code="7">0</subfield>
    <subfield code="a">ATENEOM</subfield>
    <subfield code="b">ATENEOM</subfield>
    <subfield code="c">DEPO2</subfield>
    <subfield code="d">2008-01-17</subfield>
    <subfield code="e">SC</subfield>
    <subfield code="l">0</subfield>
    <subfield code="o">C-56325-7</subfield>
    <subfield code="p">1025707</subfield>
    <subfield code="r">2023-02-23 00:00:00</subfield>
    <subfield code="w">2023-02-23</subfield>
    <subfield code="y">MONOGRAFIA</subfield>
  </datafield>
</record>
